Normal view
MARC view
- mansoor Ahmed Malik
Entry Personal Name
001 - CONTROL NUMBER
- control field: 48219
003 - CONTROL NUMBER IDENTIFIER
- control field: NUST
005 - DATE AND TIME OF LATEST TRANSACTION
- control field: 20210314134013.0
008 - FIXED-LENGTH DATA ELEMENTS
- fixed length control field: 210314|| aca||aabn | a|a d
040 ## - CATALOGING SOURCE
- Original cataloging agency: NUST
- Transcribing agency: NUST
100 ## - HEADING--PERSONAL NAME
- Personal name: mansoor Ahmed Malik
670 ## - SOURCE DATA FOUND
- Source citation: Work cat.: (NUST): Capt Sajid Mehmood 48218, Distrees and drainage survey of nowshehra cant bypass and their suggestd remedial measures aided with computer programe, 2001
